BUBT Library Online Catalog

Development and Principles of International Humanitarian Low (Record no. 6484)

000 -LEADER
fixed length control field 00580nam a22002057a 4500
003 - CONTROL NUMBER IDENTIFIER
control field BUBTL
008 - FIXED-LENGTH DATA ELEMENTS--GENERAL INFORMATION
fixed length control field 210316b xxu||||| |||| 00| 0 eng d
020 ## - INTERNATIONAL STANDARD BOOK NUMBER
International Standard Book Number 90-247-3199-2
082 ## - DEWEY DECIMAL CLASSIFICATION NUMBER
Classification number 341.6'7/PID
100 ## - MAIN ENTRY--PERSONAL NAME
Personal name Pictet, Jean
9 (RLIN) 4049
245 ## - TITLE STATEMENT
Title Development and Principles of International Humanitarian Low
Remainder of title Jean Pictet
250 ## - EDITION STATEMENT
Edition statement 1st
260 ## - PUBLICATION, DISTRIBUTION, ETC. (IMPRINT)
Place of publication, distribution, etc. Geneva
Name of publisher, distributor, etc. Martinus Nijhoff Publications
Date of publication, distribution, etc. c1985
300 ## - PHYSICAL DESCRIPTION
Extent 99p . :
Other physical details 22cm.
650 ## - SUBJECT ADDED ENTRY--TOPICAL TERM
Topical term or geographic name as entry element Law
9 (RLIN) 4050
700 ## - ADDED ENTRY--PERSONAL NAME
Personal name Jean Pictet
9 (RLIN) 4051
856 ## - ELECTRONIC LOCATION AND ACCESS
Password 0
Logon 0
Link text Download
942 ## - ADDED ENTRY ELEMENTS (KOHA)
Source of classification or shelving scheme
Koha item type Books
Holdings
Withdrawn status Lost status Source of classification or shelving scheme Damaged status Not for loan Collection code Permanent location Current location Shelving location Date acquired Inventory number Total Checkouts Full call number Barcode Date last seen Copy number Price effective from Koha item type
        Not For Loan Non-fiction Bangladesh University of Business and Technology Library Bangladesh University of Business and Technology Library Law Stacks 03/16/2021 13812   341.6'7/PID BUBTL-200313812 03/16/2021 C-1 03/16/2021 Books
        Not For Loan Non-fiction Bangladesh University of Business and Technology Library Bangladesh University of Business and Technology Library Law Stacks 03/16/2021 13813   341.6'7/PID BUBTL-200313813 03/16/2021 C-2 03/16/2021 Books
          Non-fiction Bangladesh University of Business and Technology Library Bangladesh University of Business and Technology Library Law Stacks 03/16/2021 13814   341.6'7/PID BUBTL-200313814 03/16/2021 C-3 03/16/2021 Books
          Non-fiction Bangladesh University of Business and Technology Library Bangladesh University of Business and Technology Library Law Stacks 03/16/2021 13815   341.6'7/PID BUBTL-200313815 03/16/2021 C-4 03/16/2021 Books

More Information About Library

Library Hours

  • Open: 9.00 am. to 9.00 pm.
  • Only Sunday: 9.00 am. to 6.00 pm.
  • Closed: Holiday

Contact to the University

Bangladesh University of Business and Technology Library

  • Mirpurl-2, 1216.
  • Phone:
  • Fax:
  • E-Mail: admin.library@bubt.edu.bd

Contact to the Library

Contact Person:

Md. Abdul Hakim Shah
Joint Librarian
PABX No:  113
Cell No: 01816332931
E-mail: official: admin.library@bubt.edu.bd
Personal: hakim.shah@bubt.edu.bd


BUBT Library

Copyright © 2021